[Event "Aragon-chT Preferente A"]
[Site "Aragon"]
[Date "2017.02.18"]
[Round "4.42"]
[White "Citoler Serrat, Adriano"]
[Black "Moreno Martin Viveros, Alvaro"]
[Result "1/2-1/2"]
[WhiteElo "1901"]
[BlackElo "1881"]
[PlyCount "57"]
[EventDate "2017.01.28"]
[EventType "team-tourn"]
[EventRounds "9"]
[EventCountry "ESP"]
[SourceTitle "EXT 2018"]
[Source "ChessBase"]
[SourceDate "2017.10.13"]
[SourceVersion "1"]
[SourceVersionDate "2017.10.13"]
[SourceQuality "1"]
[WhiteTeam "Monzon"]
[BlackTeam "Agrupacion III"]
[WhiteTeamCountry "ESP"]
[BlackTeamCountry "ESP"]

1. d4 Nf6 2. Nf3 d5 3. c4 e6 4. Nc3 Be7 5. g3 dxc4 6. Bg2 0-0 7. Ne5 c5 8. d5 exd5 9. Nxd5 Nxd5 10. Qxd5 Qxd5 11. Bxd5 Bf6 12. Nxc4 Nc6 13. 0-0 Rd8 14. Bxc6 bxc6 15. Bf4 Ba6 16. Rac1 Rd4 17. b3 Re8 18. Be3 Rd5 19. Rfe1 Bd4 20. Bf4 Re7 21. h4 h6 22. Kg2 Bf6 23. Kf3 Rd4 24. e3 Rdd7 25. Nd6 Re6 26. Ne4 Be7 27. Nxc5 Bxc5 28. Rxc5 Bd3 29. g4 1/2-1/2

[Event "Huesca CupT"]
[Site "Monzon"]
[Date "2017.01.22"]
[Round "1.1"]
[White "Bayona Bafaluy, Jose Maria"]
[Black "Citoler Serrat, Adriano"]
[Result "0-1"]
[WhiteElo "1826"]
[BlackElo "1941"]
[PlyCount "48"]
[EventDate "2017.01.22"]
[EventType "team-k.o."]
[EventRounds "3"]
[EventCountry "ESP"]
[SourceTitle "EXT 2018"]
[Source "ChessBase"]
[SourceDate "2017.10.13"]
[SourceVersion "1"]
[SourceVersionDate "2017.10.13"]
[SourceQuality "1"]
[WhiteTeam "Binefar"]
[BlackTeam "Monzon"]
[WhiteTeamCountry "ESP"]
[BlackTeamCountry "ESP"]

1. e4 e5 2. Nc3 Nf6 3. Bc4 Bc5 4. Nge2 Nc6 5. d3 Na5 6. Bb3 Nxb3 7. axb3 a6 8. 0-0 d6 9. h3 0-0 10. Kh2 Nh5 11. f4 Nxf4 12. Nxf4 exf4 13. Rxf4 Bd4 14. Rf3 Qh4 15. Bf4 Bg4 16. Qe2 Bxf3 17. Qxf3 Be5 18. g3 Bxf4 19. gxf4 c6 20. Rg1 Rae8 21. Rg4 Qe7 22. f5 h5 23. Rf4 g5 24. f6 Qe5 0-1

[Event "Huesca Province-ch"]
[Site "Sabinanigo"]
[Date "2016.11.26"]
[Round "7"]
[White "Citoler Serrat, Adriano"]
[Black "Lafarga Santorroman, David"]
[Result "0-1"]
[WhiteElo "1898"]
[BlackElo "2203"]
[PlyCount "74"]
[EventDate "2016.10.15"]
[EventType "swiss"]
[EventRounds "7"]
[EventCountry "ESP"]
[SourceTitle "EXT 2018"]
[Source "ChessBase"]
[SourceDate "2017.10.13"]
[SourceVersion "1"]
[SourceVersionDate "2017.10.13"]
[SourceQuality "1"]

1. e4 e6 2. d4 d5 3. e5 c5 4. c3 Qb6 5. Nf3 Nc6 6. a3 c4 7. Nbd2 Na5 8. Rb1 Bd7 9. b4 cxb3 10. c4 Ne7 11. c5 Qc7 12. Bd3 Ba4 13. 0-0 h6 14. Qe2 a6 15. Bb2 Nec6 16. h4 Be7 17. g3 Kd7 18. Kg2 g5 19. hxg5 hxg5 20. Rh1 Rag8 21. Nh2 Qd8 22. Ng4 Rxh1 23. Rxh1 Rh8 24. Nh6 Qf8 25. Qh5 Nd8 26. Bc3 Nac6 27. Nf3 Qg7 28. Bd2 b2 29. g4 Bb3 30. Bb1 Kc7 31. Nf5 Rxh5 32. Nxg7 Rxh1 33. Kxh1 Bd1 34. Nxg5 Bxg4 35. Ne8+ Kd7 36. Nf6+ Bxf6 37. exf6 Bf5 0-1

[Event "Huesca Province-ch"]
[Site "Sabinanigo"]
[Date "2016.11.19"]
[Round "6"]
[White "Citoler Serrat, Adriano"]
[Black "Guetas Sanchez, Hugo"]
[Result "1-0"]
[WhiteElo "1898"]
[BlackElo "2157"]
[PlyCount "85"]
[EventDate "2016.10.15"]
[EventType "swiss"]
[EventRounds "7"]
[EventCountry "ESP"]
[SourceTitle "EXT 2018"]
[Source "ChessBase"]
[SourceDate "2017.10.13"]
[SourceVersion "1"]
[SourceVersionDate "2017.10.13"]
[SourceQuality "1"]

1. e4 Nf6 2. e5 Nd5 3. d4 d6 4. Nf3 Nc6 5. Bb5 a6 6. Bxc6+ bxc6 7. 0-0 g6 8. c4 Nb6 9. Qe2 Bg7 10. Bg5 Be6 11. b3 0-0 12. Nc3 Qd7 13. Rad1 f6 14. exf6 exf6 15. Bf4 Rae8 16. Qd2 g5 17. Bg3 Bg4 18. Qd3 f5 19. Nxg5 Bxd1 20. Rxd1 Qe7 21. h4 Nd7 22. d5 Nc5 23. Qc2 Bxc3 24. Qxc3 Ne4 25. Nxe4 Qxe4 26. f3 Qe3+ 27. Qxe3 Rxe3 28. dxc6 Re2 29. c5 dxc5 30. Bxc7 Re6 31. Bd6 Rc8 32. c7 Kf7 33. Bf4 Ke8 34. Rd5 Re2 35. Rxc5 Rxa2 36. Rxf5 Ra3 37. Rh5 Rxb3 38. Rxh7 a5 39. h5 Rb1+ 40. Kh2 Rb5 41. g4 Rb2+ 42. Kh3 Rb1 43. Rh8+ 1-0

[Event "Aragon-chT Preferente B"]
[Site "Aragon"]
[Date "2016.02.27"]
[Round "5.66"]
[White "Citoler Serrat, Adriano"]
[Black "Aviol Perez, Jose Mariano"]
[Result "1-0"]
[WhiteElo "1936"]
[BlackElo "1821"]
[PlyCount "57"]
[EventDate "2016.01.30"]
[EventType "team-tourn"]
[EventRounds "9"]
[EventCountry "ESP"]
[SourceTitle "EXT 2018"]
[Source "ChessBase"]
[SourceDate "2017.10.13"]
[SourceVersion "1"]
[SourceVersionDate "2017.10.13"]
[SourceQuality "1"]
[WhiteTeam "Monzon"]
[BlackTeam "Actur Rey Fernando"]
[WhiteTeamCountry "ESP"]
[BlackTeamCountry "ESP"]

1. e4 d6 2. d4 Nf6 3. Nc3 g6 4. Nf3 Bg7 5. Be2 c5 6. dxc5 Qa5 7. Bb5+ Nc6 8. 0-0 0-0 9. Bxc6 bxc6 10. cxd6 Rd8 11. e5 Ne8 12. Bf4 Bg4 13. h3 Bxf3 14. Qxf3 exd6 15. exd6 Nxd6 16. Rad1 Nc4 17. Qxc6 Rac8 18. Qb7 Qf5 19. Nd5 Re8 20. b3 Nb2 21. Rde1 Rcd8 22. Ne7+ Rxe7 23. Qxe7 Bf6 24. Qe4 Qa5 25. Bh6 Bg7 26. Qe8+ Bf8 27. Qe3 Bxh6 28. Qxh6 Qxa2 29. Ra1 1-0

[Event "Skopje Karposh op"]
[Site "Skopje"]
[Date "2014.03.31"]
[Round "4"]
[White "Citoler Serrat, Adriano"]
[Black "Bulmaga, Irina"]
[Result "0-1"]
[WhiteElo "1871"]
[BlackElo "2375"]
[PlyCount "72"]
[EventDate "2014.03.29"]
[EventType "swiss"]
[EventRounds "9"]
[EventCountry "MKD"]
[SourceTitle "CBM 159 Extra"]
[Source "ChessBase"]
[SourceDate "2014.04.24"]
[SourceVersion "1"]
[SourceVersionDate "2014.04.24"]
[SourceQuality "1"]

1. e4 c5 2. Nf3 d6 3. d4 cxd4 4. Nxd4 Nf6 5. Nc3 a6 6. Be2 e5 7. Nb3 Be6 8. 0-0 Be7 9. Kh1 0-0 10. f4 exf4 11. Bxf4 Nc6 12. Qe1 Ne5 13. Rd1 Qc7 14. Qg3 Kh8 15. Rd4 Rac8 16. Rfd1 Ne8 17. h4 Ng6 18. Bg5 h6 19. Bxe7 Qxe7 20. h5 Ne5 21. R1d2 Nf6 22. Rxd6 Bxb3 23. axb3 Rxc3 24. Qxc3 Nxe4 25. Qd4 Nxd2 26. Qxd2 Qh4+ 27. Kg1 Re8 28. Rd4 Qf6 29. Rd6 Qe7 30. c3 f5 31. Rd4 Nc6 32. Bc4 Nxd4 33. Qxd4 Qg5 34. Bf7 Re1+ 35. Kf2 Re4 36. Qc5 Qd2+ 0-1

[Event "Skopje Karposh op"]
[Site "Skopje"]
[Date "2014.03.30"]
[Round "3"]
[White "Sorgic, Dragan"]
[Black "Citoler Serrat, Adriano"]
[Result "0-1"]
[WhiteElo "2244"]
[BlackElo "1871"]
[PlyCount "116"]
[EventDate "2014.03.29"]
[EventType "swiss"]
[EventRounds "9"]
[EventCountry "MKD"]
[SourceTitle "CBM 159 Extra"]
[Source "ChessBase"]
[SourceDate "2014.04.24"]
[SourceVersion "1"]
[SourceVersionDate "2014.04.24"]
[SourceQuality "1"]

1. e4 c5 2. Nf3 d6 3. d4 cxd4 4. Nxd4 Nf6 5. Nc3 a6 6. Be3 Ng4 7. Bg5 h6 8. Bh4 g5 9. Bg3 Bg7 10. h3 Ne5 11. f3 Nbc6 12. Bf2 Bd7 13. Qd2 b5 14. 0-0-0 Rc8 15. Kb1 Na5 16. b3 Nac6 17. Nd5 0-0 18. h4 gxh4 19. f4 Ng6 20. Nf5 Bxf5 21. exf5 e6 22. Bb6 Qd7 23. fxg6 exd5 24. Bd3 Qe6 25. c3 Qf6 26. gxf7+ Kh8 27. Bc2 Rxf7 28. Rh3 b4 29. Qd3 Kg8 30. Qg6 Qxg6 31. Bxg6 Rxf4 32. Be3 Rf6 33. Bd3 bxc3 34. a3 Ne5 35. Kc2 Nxd3 36. Kxd3 Rg6 37. Rxh4 Rg3 38. Rh3 Rxg2 39. Rc1 c2 40. Bd2 Bb2 41. Rxc2 Rxc2 42. Kxc2 Bxa3 43. Kd3 Rg6 44. Bxh6 Bb2 45. Bd2 Be5 46. b4 Kf7 47. Kc2 Rg2 48. Kd1 Rg3 49. Rh7+ Rg7 50. Rh3 Ke6 51. Ra3 Rg1+ 52. Kc2 Ra1 53. Rh3 Ra2+ 54. Kd1 d4 55. Rh7 Kd5 56. Rc7 d3 57. Bh6 Rb2 58. Ra7 Bc3 0-1